[Event "Tournoi francophone 003 Groupe D"]
[Site "Skype"]
[Date "????.??.??"]
[Round "1.1"]
[White "Riviere, Perrine"]
[Black "Sahrane, Juba"]
[Result "0-1"]
[WhiteElo "1362"]
[BlackElo "1476"]
[PlyCount "46"]

1. e4 e5 2. Nf3 Nf6 3. Nc3 Nc6 4. d4 exd4 5. Nxd4 Nxd4 6. Qxd4 d6 7. Bg5 Be7 8.
e5 dxe5 9. Qxd8+ Bxd8 10. Bd3 O-O 11. O-O h6 12. Bh4 Bd7 13. Rfe1 Bc6 14. Rxe5
Ng4 15. Re2 Bxh4 16. Ne4 Rfe8 17. f3 Ne5 18. Re3 Nxd3 19. Rxd3 Bxe4 20. Rd4 Bf6
21. Rxe4 Rxe4 22. fxe4 Re8 23. Re1 Bxb2 0-1

[Event "Tournoi francophone 003 Groupe D"]
[Site "Skype"]
[Date "????.??.??"]
[Round "1.2"]
[White "Lemoine, Gerard"]
[Black "Vincent, Andre"]
[Result "1-0"]
[WhiteElo "1323"]
[BlackElo "1326"]
[PlyCount "113"]

1. d4 Nf6 2. c4 d5 3. Nc3 c6 4. Nf3 Bg4 5. Bg5 Nbd7 6. Ne5 Nxe5 7. dxe5 Ne4 8.
Nxe4 dxe4 9. h3 Qxd1+ 10. Rxd1 Bf5 11. g4 Bg6 12. Bg2 h6 13. Bh4 e6 14. a3 a5
15. O-O Bc5 16. Rb1 Be7 17. Bg3 O-O 18. b4 axb4 19. axb4 Ra2 20. e3 Rd8 21. c5
Rdd2 22. Rfc1 Rdb2 23. Rxb2 Rxb2 24. Rc4 Kf8 25. Bxe4 Bxe4 26. Rxe4 Rb1+ 27.
Kg2 g5 28. Rc4 Kg7 29. Bh2 Rb3 30. Rd4 Kg6 31. Rd7 Bxc5 32. bxc5 Rb5 33. f4
gxf4 34. exf4 Rb2+ 35. Kg3 Rb3+ 36. Kh4 Rb5 37. Bg1 Rb1 38. Bd4 Kg7 39. Kh5 Rd1
40. f5 Rh1 41. h4 exf5 42. e6+ Kf8 43. Rxf7+ Ke8 44. Rxf5 Ke7 45. Rf6 Rd1 46.
Bb2 Rd5+ 47. Kxh6 Rxc5 48. Bd4 b6 49. g5 Rb5 50. g6 Rb4 51. Bc3 Rxh4+ 52. Kg5
Rc4 53. Kf5 Rxc3 54. g7 Rf3+ 55. Ke5 Rxf6 56. g8=Q Rf8 57. Qg7+ 1-0

[Event "Tournoi francophone 003 Groupe D"]
[Site "Skype"]
[Date "????.??.??"]
[Round "1.3"]
[White "Douichi, Mohammed"]
[Black "Moumtaz, Abderrahim"]
[Result "0-1"]
[WhiteElo "1216"]
[BlackElo "1219"]
[PlyCount "32"]

1. e4 e5 2. Nf3 Nc6 3. Bb5 Nf6 4. O-O a6 5. Ba4 Nxe4 6. d3 Nf6 7. c4 d5 8. Nxe5
Bd7 9. Nxd7 Nxd7 10. Re1+ Be7 11. cxd5 Nc5 12. Bxc6+ bxc6 13. dxc6 O-O 14. Be3
Nxd3 15. Re2 Nxb2 16. Rxb2 Qxd1# 0-1

[Event "Tournoi francophone 003 Groupe D"]
[Site "Skype"]
[Date "????.??.??"]
[Round "1.4"]
[White "Vervoort, Jean-Louis"]
[Black "Tamditi, Ibrahim"]
[Result "0-1"]
[WhiteElo "1273"]
[BlackElo "1273"]
[PlyCount "54"]

1. e4 e5 2. Nf3 Nc6 3. Bc4 Be7 4. h3 Nf6 5. Nc3 O-O 6. Ng5 d5 7. exd5 Nxd5 8.
d3 Bxg5 9. Bxg5 Qxg5 10. Nxd5 Qxg2 11. Ke2 Nd4+ 12. Ke3 Nf5+ 13. Kd2 Qxf2+ 14.
Kc3 c6 15. Nc7 Rb8 16. Rf1 Qd4+ 17. Kb3 Ne3 18. Qf3 Nxf1 19. Rxf1 Qb6+ 20. Nb5
Be6 21. Kc3 cxb5 22. Bxe6 Qxe6 23. Rg1 Qxa2 24. Qg3 g6 25. Qxe5 Rbc8+ 26. Kd2
Qa5+ 27. Kc1 Qa1+ 0-1

[Event "Tournoi francophone 003 Groupe D"]
[Site "Skype"]
[Date "????.??.??"]
[Round "1.5"]
[White "Milanese, Serge"]
[Black "Gerbaux, Regis"]
[Result "0-1"]
[WhiteElo "1317"]
[BlackElo "1268"]
[PlyCount "130"]

1. d4 e5 2. e4 exd4 3. Qxd4 Nc6 4. Qd1 Qe7 5. Nc3 Nf6 6. Bg5 Qb4 7. Bd3 Qxb2 8.
Nge2 Bb4 9. O-O Bxc3 10. Rb1 Qa3 11. Rb3 Qc5 12. Rxc3 Qxg5 13. f3 d6 14. a4 Bh3
15. Rf2 Ne5 16. Bb5+ c6 17. f4 Nf3+ 18. Rcxf3 Nxe4 19. fxg5 Nxf2 20. Kxf2 Bg4
21. Re3+ Be6 22. Bc4 O-O 23. Bb3 Rad8 24. Nf4 Bxb3 25. cxb3 a5 26. Kg1 d5 27.
Qe1 d4 28. Re4 c5 29. Qxa5 d3 30. Nxd3 Rxd3 31. Qxc5 Rfd8 32. Qb5 Rd1+ 33. Kf2
R1d2+ 34. Kg3 Kf8 35. h4 h5 36. gxh6 gxh6 37. h5 Kg7 38. Qb6 Kh7 39. Qxb7 Rg8+
40. Rg4 Rd3+ 41. Kf4 Rd4+ 42. Kf5 Rdxg4 43. Qxf7+ R8g7 44. a5 Rxf7+ 45. Kxg4
Ra7 46. b4 Kg7 47. Kf5 Rb7 48. g4 Rxb4 49. g5 Rb5+ 50. Kg4 Rxa5 51. gxh6+ Kxh6
52. Kh4 Rxh5+ 53. Kg4 Kg6 54. Kf4 Rf5+ 55. Kg4 Kf6 56. Kg3 Kg5 57. Kh3 Rf4 58.
Kg3 Kf5 59. Kh3 Rg4 60. Kh2 Kf4 61. Kh3 Kf3 62. Kh2 Rh4+ 63. Kg1 Ke2 64. Kg2
Rg4+ 65. Kh3 Kf3 0-1

[Event "Tournoi francophone 003 Groupe D"]
[Site "Skype"]
[Date "????.??.??"]
[Round "2.1"]
[White "Sahrane, Juba"]
[Black "Gerbaux, Regis"]
[Result "1/2-1/2"]
[WhiteElo "1476"]
[BlackElo "1268"]
[PlyCount "90"]

1. e4 c5 2. Nf3 d6 3. d4 cxd4 4. Nxd4 Nf6 5. Nc3 a6 6. Be3 Nbd7 7. Be2 Nc5 8.
Bf3 e6 9. O-O Be7 10. Re1 O-O 11. Bf4 e5 12. Nf5 Bxf5 13. Bxe5 dxe5 14. Qxd8
Raxd8 15. exf5 Bd6 16. a3 b5 17. Rad1 Bc7 18. b4 Rxd1 19. Rxd1 Ncd7 20. Ne4
Nxe4 21. Rxd7 Ng5 22. Rxc7 Nxf3+ 23. gxf3 f6 24. Ra7 Rc8 25. Rxa6 Rxc2 26. a4
Rb2 27. axb5 Rxb4 28. b6 h6 29. Kf1 Kh7 30. Ke2 h5 31. Kd3 Kh6 32. h4 g6 33.
fxg6 Kxg6 34. Kc3 Rb1 35. Kc4 Kf5 36. Kc5 Ke6 37. Kc6 Rc1+ 38. Kb7 Kd7 39. Ka7
Rb1 40. b7 Kc7 41. Rb6 Rxb6 42. f4 e4 43. f5 Rxb7+ 44. Ka8 Kc8 45. f3 exf3
1/2-1/2

[Event "Tournoi francophone 003 Groupe D"]
[Site "Skype"]
[Date "????.??.??"]
[Round "2.2"]
[White "Tamditi, Ibrahim"]
[Black "Milanese, Serge"]
[Result "1-0"]
[WhiteElo "1273"]
[BlackElo "1317"]
[PlyCount "67"]

1. e4 e5 2. Bc4 Nf6 3. Nf3 Nc6 4. Ng5 d5 5. exd5 Na5 6. Bb5+ Bd7 7. Bxd7+ Qxd7
8. O-O Qxd5 9. Nc3 Qd8 10. Qf3 Be7 11. Nce4 h6 12. Nxf6+ Bxf6 13. Ne4 Qe7 14.
Re1 Nc6 15. c3 O-O-O 16. b4 a6 17. a4 Nxb4 18. cxb4 Qxb4 19. Nxf6 gxf6 20. Qxf6
Qf4 21. Qxe5 Rhe8 22. d4 Rxe5 23. Bxf4 Rxe1+ 24. Rxe1 Rxd4 25. Bxh6 Rxa4 26. g3
f5 27. Kg2 c5 28. h4 c4 29. h5 c3 30. Bg5 Re4 31. Rxe4 fxe4 32. h6 c2 33. h7 e3
34. Bxe3 1-0

[Event "Tournoi francophone 003 Groupe D"]
[Site "Skype"]
[Date "????.??.??"]
[Round "2.3"]
[White "Moumtaz, Abderrahim"]
[Black "Vervoort, Jean-Louis"]
[Result "1-0"]
[WhiteElo "1219"]
[BlackElo "1273"]
[PlyCount "51"]

1. d4 d5 2. c4 c6 3. Nf3 Nf6 4. Nc3 Bg4 5. Bf4 e6 6. e3 Bd6 7. Bd3 O-O 8. O-O
Nbd7 9. Bxd6 Re8 10. Re1 Nf8 11. c5 b6 12. Be5 bxc5 13. dxc5 Rb8 14. Bxb8 Qxb8
15. h3 Bxf3 16. Qxf3 Qxb2 17. Rec1 e5 18. Rab1 Qa3 19. e4 dxe4 20. Bxe4 Nxe4
21. Qxe4 Qxc5 22. Rb3 Rd8 23. Qe3 Qd6 24. Ne4 Qe6 25. Qxa7 Qxb3 26. axb3 1-0

[Event "Tournoi francophone 003 Groupe D"]
[Site "Skype"]
[Date "????.??.??"]
[Round "2.4"]
[White "Vincent, Andre"]
[Black "Douichi, Mohammed"]
[Result "1-0"]
[WhiteElo "1326"]
[BlackElo "1216"]
[PlyCount "71"]

1. Nf3 d5 2. d4 Nf6 3. g3 Bf5 4. Bg2 Be4 5. Nbd2 Bxf3 6. Bxf3 e6 7. O-O Bd6 8.
Nb3 O-O 9. e3 c6 10. Qe2 Nbd7 11. Nd2 Re8 12. c4 dxc4 13. Nxc4 Be7 14. e4 Nxe4
15. Bxe4 Nf6 16. Rd1 Rc8 17. Bf4 b5 18. Ne5 Nxe4 19. Qxe4 Qc7 20. Nxf7 Qd7 21.
Ne5 Qd5 22. Qxd5 exd5 23. Rac1 Bd6 24. Nxc6 Bxf4 25. gxf4 Rc7 26. Kg2 a6 27.
Ne5 Rce7 28. Rc5 Rd8 29. Nc6 Rd6 30. Nxe7+ Kf7 31. Nxd5 Rg6+ 32. Kf3 b4 33. Re1
Rd6 34. f5 a5 35. Re7+ Kf8 36. Rc8+ 1-0

[Event "Tournoi francophone 003 Groupe D"]
[Site "Skype"]
[Date "????.??.??"]
[Round "2.5"]
[White "Riviere, Perrine"]
[Black "Lemoine, Gerard"]
[Result "1-0"]
[WhiteElo "1362"]
[BlackElo "1323"]
[PlyCount "147"]

1. e4 e6 2. Nf3 d5 3. exd5 exd5 4. d4 c5 5. Nc3 cxd4 6. Nxd4 Nc6 7. Bb5 Bd7 8.
O-O Bc5 9. Nxd5 Nxd4 10. Bf4 Nxb5 11. Re1+ Ne7 12. c4 Nd6 13. Bg5 Ndf5 14. Qe2
Be6 15. Rad1 f6 16. Bf4 Nxd5 17. Qxe6+ Nfe7 18. Rxd5 Qc8 19. Qe4 Qc6 20. Be3
Bxe3 21. Rxe3 Kf7 22. Qxe7+ Kg6 23. h4 Rhe8 24. Qc5 Rac8 25. Qxc6 bxc6 26. Rg3+
Kf7 27. Rd7+ Re7 28. Rxe7+ Kxe7 29. Rxg7+ Ke6 30. Rxh7 Rg8 31. g3 a5 32. Ra7
Rb8 33. b3 Rd8 34. Rxa5 Rd1+ 35. Kg2 Rd3 36. h5 Rd7 37. c5 Kf5 38. h6 Kg5 39.
Ra8 Kxh6 40. Rh8+ Kg5 41. f4+ Kg4 42. Rg8+ Kf5 43. Kf3 Rd3+ 44. Kf2 Ke4 45.
Re8+ Kf5 46. Re3 Rd2+ 47. Re2 Rd5 48. b4 Kg4 49. Re6 Rd2+ 50. Re2 Rd5 51. a4
Kh3 52. a5 Rd8 53. Kf3 Rd3+ 54. Re3 Rd1 55. a6 Rf1+ 56. Ke4 Ra1 57. g4+ Kxg4
58. Rb3 Rxa6 59. b5 Ra4+ 60. Ke3 cxb5 61. c6 Rc4 62. Rxb5 Rxc6 63. Ke4 Rc4+ 64.
Ke3 f5 65. Re5 Rxf4 66. Re6 Rf3+ 67. Kd4 f4 68. Rg6+ Kf5 69. Rg8 Re3 70. Rf8+
Kg4 71. Kd5 f3 72. Rf6 Kg3 73. Re6 f2 74. Rxe3+ 1-0

[Event "Tournoi francophone 003 Groupe D"]
[Site "Skype"]
[Date "????.??.??"]
[Round "3.1"]
[White "Lemoine, Gerard"]
[Black "Sahrane, Juba"]
[Result "0-1"]
[WhiteElo "1323"]
[BlackElo "1476"]
[PlyCount "66"]

1. d4 Nf6 2. c4 e6 3. Nc3 b6 4. a4 Bb7 5. Bf4 Bb4 6. Qc2 d5 7. e3 dxc4 8. Nge2
Nd5 9. Bg3 O-O 10. O-O-O Nxc3 11. bxc3 Be7 12. Nf4 g5 13. Nh3 f5 14. f3 g4 15.
fxg4 Ba3+ 16. Kb1 Be4 17. Bd3 Bxd3 18. Rxd3 cxd3 19. Qxd3 fxg4 20. Nf4 Re8 21.
Qc4 Qd7 22. Nh5 Qf7 23. Qb5 Qf5+ 24. Ka2 Qxb5 25. axb5 Be7 26. Bxc7 Nd7 27. Rf1
Rac8 28. Bd6 Bxd6 29. Nf6+ Nxf6 30. Rxf6 Rxc3 31. Kb2 Rxe3 32. d5 Bxh2 33. dxe6
Be5+ 0-1

[Event "Tournoi francophone 003 Groupe D"]
[Site "Skype"]
[Date "????.??.??"]
[Round "3.2"]
[White "Douichi, Mohammed"]
[Black "Riviere, Perrine"]
[Result "1-0"]
[WhiteElo "1216"]
[BlackElo "1362"]
[PlyCount "67"]

1. e4 e5 2. Nf3 Nc6 3. Bc4 Nf6 4. O-O Nxe4 5. Bd5 Nf6 6. Bxc6 bxc6 7. Nxe5 Bd6
8. Nf3 O-O 9. d4 Re8 10. Be3 Nd5 11. Bg5 Be7 12. Bxe7 Rxe7 13. Nbd2 d6 14. h3
Qe8 15. c3 Nf4 16. Re1 Bb7 17. Qc2 g6 18. Ne4 Kg7 19. c4 d5 20. cxd5 cxd5 21.
Nc3 c6 22. Rxe7 Qxe7 23. Re1 Qd7 24. Ne5 Qc7 25. Qd2 Ne6 26. Ne2 f6 27. Ng4 g5
28. Ng3 Nf4 29. Nf5+ Kg6 30. Ne7+ Kf7 31. Nh6+ Kf8 32. Qc2 Re8 33. Qxh7 Rxe7
34. Qg8# 1-0

[Event "Tournoi francophone 003 Groupe D"]
[Site "Skype"]
[Date "????.??.??"]
[Round "3.3"]
[White "Vervoort, Jean-Louis"]
[Black "Vincent, Andre"]
[Result "0-1"]
[WhiteElo "1273"]
[BlackElo "1326"]
[PlyCount "144"]

1. e4 c5 2. Bc4 d6 3. Nf3 h6 4. O-O Nc6 5. c3 e5 6. d3 Be7 7. h3 Nf6 8. Be3 O-O
9. Nbd2 d5 10. exd5 Nxd5 11. Bxd5 Qxd5 12. Nc4 Be6 13. Qb3 Qd7 14. Rfd1 Rfd8
15. Rd2 Na5 16. Qc2 Nxc4 17. dxc4 Qc7 18. b3 Rd7 19. Rxd7 Bxd7 20. Rd1 Bc6 21.
Rd2 Bxf3 22. gxf3 Rd8 23. Qd1 Rxd2 24. Qxd2 Qd6 25. Qxd6 Bxd6 26. Kg2 g5 27. a3
f5 28. b4 b6 29. b5 Kf7 30. a4 Ke6 31. Kf1 Kd7 32. Ke2 Kc7 33. Kd2 f4 34. Bxc5
Bxc5 35. Ke2 Kb7 36. Kf1 a6 37. Ke2 a5 38. Kf1 Ba3 39. Ke2 Bb2 40. Kd3 Ba3 41.
Ke2 Kc7 42. Kf1 Kd6 43. Ke2 Kc5 44. Kd3 Bb2 45. Kc2 Ba3 46. Kb3 Bc1 47. Kc2 Be3
48. fxe3 fxe3 49. Kd3 e2 50. Kxe2 Kxc4 51. Kd2 Kb3 52. Kd3 Kxa4 53. c4 Kb4 54.
c5 Kxc5 55. Kc3 Kxb5 56. Kb3 Kc5 57. Ka4 Kc4 58. Ka3 b5 59. Ka2 b4 60. Kb2 a4
61. Ka2 Kc3 62. Kb1 b3 63. Ka1 a3 64. Kb1 b2 65. Ka2 Kb4 66. Kb1 g4 67. fxg4 e4
68. h4 e3 69. g5 hxg5 70. hxg5 e2 71. g6 e1=Q+ 72. Ka2 Qa1# 0-1

[Event "Tournoi francophone 003 Groupe D"]
[Site "Skype"]
[Date "????.??.??"]
[Round "3.4"]
[White "Milanese, Serge"]
[Black "Moumtaz, Abderrahim"]
[Result "1-0"]
[WhiteElo "1317"]
[BlackElo "1219"]
[PlyCount "35"]

1. e4 e5 2. Bc4 Bc5 3. Nf3 Nc6 4. d3 h6 5. a3 Nf6 6. Nc3 d6 7. O-O a6 8. Nd5
Be6 9. c3 O-O 10. b4 Ba7 11. Be3 b5 12. Ba2 Ne7 13. Nxf6+ gxf6 14. Bxh6 Re8 15.
Bxe6 Ng6 16. Nh4 Nxh4 17. Qg4+ Ng6 18. Qxg6+ 1-0

[Event "Tournoi francophone 003 Groupe D"]
[Site "Skype"]
[Date "????.??.??"]
[Round "4.1"]
[White "Sahrane, Juba"]
[Black "Tamditi, Ibrahim"]
[Result "1-0"]
[WhiteElo "1476"]
[BlackElo "1273"]
[PlyCount "69"]

1. e4 e6 2. d4 g6 3. d5 exd5 4. Qd4 Qe7 5. Qxh8 Qxe4+ 6. Be3 Qxc2 7. Qe5+ Be7
8. Na3 Nc6 9. Qxe7+ Ngxe7 10. Nxc2 d6 11. Bb5 Bf5 12. Nd4 a6 13. Bxc6+ Nxc6 14.
Nxc6 bxc6 15. Ne2 Bd3 16. Nf4 Bb5 17. O-O-O O-O-O 18. Nd3 Bxd3 19. Rxd3 Re8 20.
Kb1 f5 21. Rc1 c5 22. Bxc5 dxc5 23. Rxd5 Re2 24. Rdxc5 Re7 25. f4 Kb7 26. a4 c6
27. Rxc6 Re1 28. Rxe1 Kxc6 29. Re7 Kd5 30. h3 h6 31. g4 fxg4 32. hxg4 Kd6 33.
Re2 Kc5 34. f5 gxf5 35. gxf5 1-0

[Event "Tournoi francophone 003 Groupe D"]
[Site "Skype"]
[Date "????.??.??"]
[Round "4.2"]
[White "Moumtaz, Abderrahim"]
[Black "Gerbaux, Regis"]
[Result "0-1"]
[WhiteElo "1219"]
[BlackElo "1268"]
[PlyCount "30"]

1. d4 e5 2. dxe5 Nc6 3. Nf3 Qe7 4. e4 Qb4+ 5. Nc3 Nf6 6. exf6 gxf6 7. a3 Qe7 8.
Be2 d6 9. O-O Rg8 10. Nh4 Bh3 11. Bf3 O-O-O 12. Re1 Re8 13. Nb5 f5 14. exf5
Qxe1+ 15. Qxe1 Rxe1# 0-1

[Event "Tournoi francophone 003 Groupe D"]
[Site "Skype"]
[Date "????.??.??"]
[Round "4.3"]
[White "Vincent, Andre"]
[Black "Milanese, Serge"]
[Result "1-0"]
[WhiteElo "1326"]
[BlackElo "1317"]
[PlyCount "73"]

1. Nf3 d6 2. g3 Nc6 3. Bg2 Nf6 4. d4 e6 5. Nc3 a6 6. O-O Be7 7. Bf4 d5 8. Re1
O-O 9. Ne5 Bd6 10. Nxc6 bxc6 11. Bxd6 Qxd6 12. e4 e5 13. exd5 cxd5 14. dxe5 Qb4
15. exf6 Be6 16. fxg7 Kxg7 17. Qe2 c6 18. Qe5+ Kg8 19. Ne2 Rae8 20. Qf6 Qd2 21.
Nf4 Qxc2 22. Nh5 Qg6 23. Re5 Bg4 24. Rxe8 Rxe8 25. Qxg6+ hxg6 26. Nf6+ Kf8 27.
Nxe8 Kxe8 28. Re1+ Kf8 29. f4 Be6 30. a3 a5 31. Kf2 Ke7 32. Ke3 Kd6 33. Rc1 a4
34. Kd4 c5+ 35. Rxc5 f5 36. Bxd5 Bxd5 37. Rxd5+ 1-0

[Event "Tournoi francophone 003 Groupe D"]
[Site "Skype"]
[Date "????.??.??"]
[Round "4.4"]
[White "Riviere, Perrine"]
[Black "Vervoort, Jean-Louis"]
[Result "1-0"]
[WhiteElo "1362"]
[BlackElo "1273"]
[PlyCount "49"]

1. e4 c5 2. Nf3 Nc6 3. d4 e5 4. d5 Nd4 5. Nxe5 d6 6. Nf3 Bg4 7. Be2 Bxf3 8.
Bxf3 Nf6 9. O-O Qe7 10. Re1 O-O-O 11. c3 Nb5 12. Bg5 Re8 13. Nd2 h6 14. Bxf6
Qxf6 15. Nc4 g5 16. h3 Bg7 17. Qd2 Re7 18. a4 Nc7 19. Re3 Rhe8 20. Rae1 Qg6 21.
R1e2 f5 22. exf5 Rxe3 23. Rxe3 Qxf5 24. Nxd6+ Kd8 25. Nxf5 1-0

[Event "Tournoi francophone 003 Groupe D"]
[Site "Skype"]
[Date "????.??.??"]
[Round "4.5"]
[White "Lemoine, Gerard"]
[Black "Douichi, Mohammed"]
[Result "1-0"]
[WhiteElo "1323"]
[BlackElo "1216"]
[PlyCount "97"]

1. d4 Nf6 2. c4 e6 3. Nf3 h6 4. Bf4 d5 5. e3 b6 6. Nc3 a6 7. Bd3 Bb4 8. Qc2 Bb7
9. a3 Be7 10. e4 g5 11. Bd2 g4 12. Ne5 dxe4 13. Nxe4 Qxd4 14. Bc3 Qd8 15. Bb4
Nxe4 16. Bxe7 Qxe7 17. Bxe4 Bxe4 18. Qxe4 c6 19. Nxg4 f5 20. Qd4 Rg8 21. Nf6+
Kf7 22. Nxg8 e5 23. Qxb6 Kxg8 24. Qb3 c5 25. Qg3+ Kh7 26. O-O f4 27. Qd3+ e4
28. Qd2 e3 29. Qd3+ Kh8 30. Rfe1 Nd7 31. fxe3 Ne5 32. Qc3 Rg8 33. exf4 Qg7 34.
Qxe5 Qxe5 35. fxe5 Rg4 36. b3 h5 37. e6 Rg8 38. Rad1 Re8 39. Rd7 Kg8 40. e7 Kf7
41. b4 h4 42. bxc5 Kf6 43. c6 Rg8 44. c7 h3 45. g3 Kf5 46. Rd8 Rg7 47. c8=Q+
Kg5 48. e8=Q Rg6 49. Rd5+ 1-0

[Event "Tournoi francophone 003 Groupe D"]
[Site "Skype"]
[Date "????.??.??"]
[Round "5.1"]
[White "Douichi, Mohammed"]
[Black "Sahrane, Juba"]
[Result "0-1"]
[WhiteElo "1216"]
[BlackElo "1476"]
[PlyCount "56"]

1. e4 e5 2. Nf3 Nf6 3. Nxe5 Qe7 4. d4 d6 5. Nf3 Nxe4 6. d5 Nc3+ 7. Be3 Nxd1 8.
Kxd1 Bg4 9. Be2 Nd7 10. Re1 O-O-O 11. Bg5 f6 12. Bf4 Bxf3 13. Bxf3 Ne5 14. Bg4+
Kb8 15. Bxe5 dxe5 16. Nc3 c6 17. Be6 cxd5 18. Bxd5 Qc5 19. Re2 Rxd5+ 20. Nxd5
Qxd5+ 21. Rd2 Qxg2 22. Ke2 Bc5 23. Ke1 Qg1+ 24. Ke2 Qxf2+ 25. Kd3 Rd8+ 26. Kc3
Qxd2+ 27. Kb3 Qd5+ 28. c4 Qd3+ 0-1

[Event "Tournoi francophone 003 Groupe D"]
[Site "Skype"]
[Date "????.??.??"]
[Round "5.2"]
[White "Vervoort, Jean-Louis"]
[Black "Lemoine, Gerard"]
[Result "0-1"]
[WhiteElo "1273"]
[BlackElo "1323"]
[PlyCount "74"]

1. e4 e6 2. e5 d5 3. d4 c5 4. c3 Nc6 5. Nf3 Qb6 6. Be2 cxd4 7. cxd4 Bd7 8. b3
Nge7 9. O-O Nf5 10. Be3 Be7 11. Nc3 a6 12. Na4 Qa7 13. Qd2 b5 14. Nb2 b4 15.
Rfc1 O-O 16. Rc2 h6 17. Rac1 Nh4 18. Nxh4 Bxh4 19. g3 Bg5 20. f4 Bxf4 21. gxf4
Rfc8 22. Kh1 Qb6 23. Rg1 Ne7 24. Bd3 Bb5 25. Qg2 g6 26. Bxb5 axb5 27. Rxc8+
Rxc8 28. h4 h5 29. Qg5 Nf5 30. Bf2 Rc2 31. Nd1 Rxa2 32. Be1 Qxd4 33. Qd8+ Kg7
34. Qf6+ Kg8 35. Qd8+ Kh7 36. Qf8 Qe4+ 37. Rg2 Qxg2# 0-1

[Event "Tournoi francophone 003 Groupe D"]
[Site "Skype"]
[Date "????.??.??"]
[Round "5.3"]
[White "Milanese, Serge"]
[Black "Riviere, Perrine"]
[Result "1-0"]
[WhiteElo "1317"]
[BlackElo "1362"]
[PlyCount "35"]

1. e4 e5 2. Nf3 Nc6 3. Bc4 Nf6 4. O-O Nxe4 5. Re1 Nf6 6. d4 Bb4 7. c3 Bd6 8.
Ng5 O-O 9. Bxf7+ Kh8 10. Bc4 Qe7 11. Qc2 Na5 12. Bd3 g6 13. Qe2 exd4 14. Qxe7
Bxe7 15. Rxe7 Re8 16. Nf7+ Kg8 17. Nh6+ Kf8 18. Rf7# 1-0

[Event "Tournoi francophone 003 Groupe D"]
[Site "Skype"]
[Date "????.??.??"]
[Round "5.4"]
[White "Gerbaux, Regis"]
[Black "Vincent, Andre"]
[Result "0-1"]
[WhiteElo "1268"]
[BlackElo "1326"]
[PlyCount "126"]

1. e4 e5 2. Nf3 Nc6 3. d4 exd4 4. Nxd4 d6 5. Bb5 Bd7 6. Bxc6 bxc6 7. Nc3 Nf6 8.
O-O Be7 9. h3 O-O 10. f4 a6 11. e5 dxe5 12. fxe5 Nd5 13. Nf5 Bc5+ 14. Kh1 Bxf5
15. Nxd5 Qxd5 16. Qxd5 cxd5 17. Rxf5 c6 18. b3 Bd4 19. Rb1 Rfe8 20. Bb2 Bxb2
21. Rxb2 Re6 22. c4 d4 23. Rbf2 Ra7 24. c5 Rae7 25. R5f4 Rxe5 26. Rxd4 g6 27.
Kh2 Rxc5 28. Rfd2 a5 29. h4 Ree5 30. Kh3 Kg7 31. g3 Red5 32. Rxd5 Rxd5 33. Rxd5
cxd5 34. Kg4 Kf6 35. Kf3 Ke5 36. Ke3 f5 37. a4 d4+ 38. Kd3 Kd5 39. b4 axb4 40.
a5 b3 41. a6 b2 42. Kc2 Kc6 43. a7 b1=Q+ 44. Kxb1 Kb7 45. a8=Q+ Kxa8 46. Kc2
Kb7 47. Kd3 Kc6 48. Kxd4 Kd6 49. Ke3 Ke5 50. Kf3 h6 51. g4 h5 52. gxh5 gxh5 53.
Kf2 Kf4 54. Kg2 Kg4 55. Kf2 f4 56. Kg2 Kxh4 57. Kf3 Kg5 58. Kg2 h4 59. Kh3 f3
60. Kh2 Kg4 61. Kg1 Kg3 62. Kf1 f2 63. Ke2 Kg2 0-1

[Event "Tournoi francophone 003 Groupe D"]
[Site "Skype"]
[Date "????.??.??"]
[Round "5.5"]
[White "Tamditi, Ibrahim"]
[Black "Moumtaz, Abderrahim"]
[Result "0-1"]
[WhiteElo "1273"]
[BlackElo "1219"]
[PlyCount "46"]

1. e4 e5 2. Bc4 Nf6 3. Nf3 Nxe4 4. Nxe5 Nd6 5. Qe2 Qe7 6. Nc3 Nxc4 7. Nxc4
Qxe2+ 8. Nxe2 Be7 9. O-O O-O 10. Re1 Nc6 11. c3 d5 12. Ne3 Be6 13. Nf4 Rad8 14.
b3 d4 15. Nc2 Bf5 16. Nxd4 Nxd4 17. cxd4 Rxd4 18. Rxe7 Rxf4 19. Rxc7 Re4 20.
Ba3 Rfe8 21. Kf1 Re2 22. Bb4 Bd3 23. Re7 R2xe7+ 0-1

[Event "Tournoi francophone 003 Groupe D"]
[Site "Skype"]
[Date "????.??.??"]
[Round "6.1"]
[White "Sahrane, Juba"]
[Black "Moumtaz, Abderrahim"]
[Result "1-0"]
[WhiteElo "1476"]
[BlackElo "1219"]
[PlyCount "79"]

1. d4 d5 2. Nc3 e6 3. Bf4 Nf6 4. Nb5 Bd6 5. Qd2 O-O 6. Nxd6 cxd6 7. Nf3 Re8 8.
Qb4 Ne4 9. e3 Nc6 10. Qb3 e5 11. dxe5 dxe5 12. Bg3 d4 13. O-O-O Nxf2 14. Bxf2
Bf5 15. Bc4 Qd7 16. exd4 exd4 17. Nxd4 Ne5 18. Nxf5 Qxf5 19. Bg3 Nxc4 20. Qxc4
Rac8 21. Qd3 Qxd3 22. Rxd3 Rcd8 23. Rhd1 Rc8 24. Rd7 a5 25. Rxb7 Ra8 26. Rdd7
Rf8 27. Bd6 Rfd8 28. Rxd8+ Rxd8 29. Rb8 Rxb8 30. Bxb8 f5 31. h4 h5 32. b3 Kf7
33. Bc7 f4 34. Bxa5 Ke7 35. Be1 Kd6 36. c4 Kc5 37. Kc2 Kd4 38. Kd2 Kc5 39. Ke2
g6 40. Kf3 1-0

[Event "Tournoi francophone 003 Groupe D"]
[Site "Skype"]
[Date "????.??.??"]
[Round "6.2"]
[White "Vincent, Andre"]
[Black "Tamditi, Ibrahim"]
[Result "1-0"]
[WhiteElo "1326"]
[BlackElo "1273"]
[PlyCount "49"]

1. Nf3 e6 2. g3 d5 3. d4 Be7 4. Bg2 Nf6 5. O-O O-O 6. Nc3 a6 7. Bf4 Nc6 8. a3
Nd7 9. Re1 Bf6 10. e3 e5 11. Nxe5 Ndxe5 12. dxe5 d4 13. exd4 Bxe5 14. Bxe5 Nxe5
15. dxe5 c6 16. Qxd8 Rxd8 17. Rad1 Bf5 18. Be4 Bxe4 19. Nxe4 Rxd1 20. Rxd1 Kf8
21. f4 Re8 22. Kf2 h6 23. c4 f6 24. Nc5 fxe5 25. Nd7+ 1-0

[Event "Tournoi francophone 003 Groupe D"]
[Site "Skype"]
[Date "????.??.??"]
[Round "6.3"]
[White "Riviere, Perrine"]
[Black "Gerbaux, Regis"]
[Result "0-1"]
[WhiteElo "1362"]
[BlackElo "1268"]
[PlyCount "50"]

1. e4 c5 2. Nf3 d6 3. d3 h6 4. h3 Nf6 5. Be2 Nc6 6. Nc3 a6 7. O-O e6 8. Bf4 e5
9. Bh2 Be7 10. Nd5 O-O 11. Re1 Be6 12. c4 b5 13. b3 Rb8 14. Qd2 Kh8 15. Kh1 Qd7
16. Ng1 Bd8 17. Bf3 Ba5 18. b4 Bxb4 19. Nxf6 gxf6 20. Qe3 Bxe1 21. Rxe1 Nb4 22.
Qxh6+ Kg8 23. Qxf6 Nxd3 24. Qg5+ Kh7 25. Re3 Nxf2# 0-1

[Event "Tournoi francophone 003 Groupe D"]
[Site "Skype"]
[Date "????.??.??"]
[Round "6.4"]
[White "Lemoine, Gerard"]
[Black "Milanese, Serge"]
[Result "0-1"]
[WhiteElo "1323"]
[BlackElo "1317"]
[PlyCount "87"]

1. d4 Nf6 2. c4 c6 3. Nf3 e6 4. Bg5 Be7 5. Nc3 a6 6. a3 O-O 7. c5 d6 8. b4 dxc5
9. bxc5 Nbd7 10. e4 b6 11. e5 Nd5 12. Bxe7 Nxe7 13. Ne4 Nf5 14. g3 bxc5 15.
dxc5 Qa5+ 16. Qd2 Qxd2+ 17. Kxd2 h6 18. Rc1 Rb8 19. Nd6 Rb3 20. Rc3 Nxc5 21.
Rxc5 Rxf3 22. Rxc6 Ne7 23. Rb6 Rxa3 24. Nxc8 Nxc8 25. Rxa6 Rf3 26. Ke2 Rf5 27.
Bg2 Rxe5+ 28. Kf3 Rd8 29. Ra8 Red5 30. Kf4 Rd4+ 31. Ke3 f5 32. Rha1 e5 33. Bb7
Nb6 34. Rxd8+ Rxd8 35. Kf3 Kh7 36. Rb1 Rd6 37. Rb5 Nc4 38. Rb3 Nd2+ 39. Kg2
Nxb3 40. Bc8 f4 41. Bf5+ g6 42. Bc2 Nd4 43. Be4 f3+ 44. Kh3 0-1

[Event "Tournoi francophone 003 Groupe D"]
[Site "Skype"]
[Date "????.??.??"]
[Round "7.1"]
[White "Vervoort, Jean-Louis"]
[Black "Sahrane, Juba"]
[Result "0-1"]
[WhiteElo "1273"]
[BlackElo "1476"]
[PlyCount "56"]

1. e4 e5 2. Nf3 Nf6 3. Nc3 Nc6 4. Bc4 h6 5. O-O Bc5 6. h3 O-O 7. d3 d6 8. Be3
Nd4 9. a3 a6 10. b4 Bb6 11. Na4 Nxf3+ 12. Qxf3 Bxe3 13. fxe3 Bd7 14. Nc3 Bc6
15. Rf2 Qe7 16. Raf1 Rad8 17. b5 axb5 18. Bxb5 Bxb5 19. Nxb5 Ra8 20. d4 c6 21.
Nxd6 Qxd6 22. dxe5 Qxe5 23. Qf4 Qxe4 24. Qxe4 Nxe4 25. Rf4 Ng3 26. R1f2 Rxa3
27. R4f3 Ne4 28. Rf1 Nd2 0-1